Statistics for Jetpunk Crossword Puzzle

Click here to take the quiz!

General Stats

  • This quiz has been taken 844 times
  • The average score is 30 of 64

Answer Stats

Answer% Correct
T1
90%
T9
73%
O
72%
R
70%
K4
69%
T7
66%
E5
63%
H
63%
A
62%
I
61%
N
61%
A
60%
A
60%
E
60%
G
60%
O
59%
R
59%
T
59%
C3
58%
E
58%
N
58%
O
58%
L
57%
O
56%
R8
56%
C
55%
A6
54%
H
53%
A
50%
E
50%
L
50%
I
49%
N
49%
A
48%
E
48%
E
48%
V
48%
E
47%
T
47%
S
43%
A11
41%
S
40%
A
37%
B
36%
H
36%
I
36%
O
36%
P
36%
A
35%
T2
35%
D10
32%
N
32%
C
31%
H
30%
I
29%
N
29%
A
28%
O
28%
A
23%
A
22%
T
21%
I
17%
R
17%
U
16%

Score Distribution

Percentile by Number Answered

Percent of People with Each Score

Your Score History

You have not taken this quiz